[Event "Int. Stuttgarter Stadtmeisterschaft A"]
[Site "Ditzingen"]
[Date "2018.05.12"]
[Round "5.16"]
[White "Rohde, Patrick"]
[Black "Reindl, Arno"]
[Result "1/2-1/2"]
[WhiteElo "1953"]
[BlackElo "2028"]
[PlyCount "28"]
[EventDate "2018.??.??"]
[WhiteTeam "Elmshorner SC"]
[BlackTeam "SG Schwäbisch Gmünd"]

1. e4 c5 2. Nf3 d6 3. d4 cxd4 4. Nxd4 Nf6 5. Nc3 g6 6. f3 Bg7 7. Be3 O-O 8. Qd2
Nc6 9. O-O-O d5 10. exd5 Nxd5 11. Nxd5 Qxd5 12. Kb1 Nxd4 13. Bxd4 Rd8 14. Bc3
Be6 1/2-1/2

[Event "Int. Stuttgarter Stadtmeisterschaft A"]
[Site "Ditzingen"]
[Date "2018.05.12"]
[Round "5.18"]
[White "Fischer, Daniel"]
[Black "Meier, Desiderius"]
[Result "1-0"]
[WhiteElo "2004"]
[BlackElo "2013"]
[PlyCount "97"]
[EventDate "2018.??.??"]
[WhiteTeam "SVG Offenburg"]
[BlackTeam "SK Gräfelfing"]

1. Nf3 f5 2. c4 Nf6 3. g3 g6 4. Bg2 Bg7 5. O-O O-O 6. Nc3 d6 7. d3 e5 8. Rb1
Nc6 9. b4 h6 10. b5 Ne7 11. a4 Be6 12. Nd2 Qc8 13. Ba3 f4 14. c5 Bh3 15. cxd6
cxd6 16. Nce4 Bxg2 17. Kxg2 Nxe4 18. Nxe4 Nf5 19. Nxd6 Nxd6 20. Bxd6 Rd8 21.
Qb3+ Kh7 22. Bb4 Qf5 23. f3 h5 24. Rbc1 Rac8 25. Rc4 Rxc4 26. Qxc4 Rd4 27. Qb3
fxg3 28. hxg3 Qg5 29. Be1 a6 30. Bf2 Rd7 31. Qc4 axb5 32. axb5 Qd2 33. Qe4 Qb2
34. b6 Bf6 35. g4 hxg4 36. Qxg4 Re7 37. Rh1+ Kg7 38. Qe4 Rd7 39. Rh3 Qb3 40.
Rg3 Qf7 41. Rg4 Kh7 42. Qa4 Qe6 43. Qc4 Qd6 44. Qc5 Bd8 45. Re4 Qxc5 46. Bxc5
Rd5 47. Rc4 Kh6 48. Be3+ Kg7 49. Rc7+ 1-0

[Event "Int. Stuttgarter Stadtmeisterschaft A"]
[Site "Ditzingen"]
[Date "2018.05.12"]
[Round "5.19"]
[White "Gustain, Marc"]
[Black "Huels, Marco"]
[Result "1-0"]
[WhiteElo "2152"]
[BlackElo "2010"]
[PlyCount "109"]
[EventDate "2018.??.??"]
[WhiteTeam "SF Deizisau"]
[BlackTeam "SV Mattnetz Berlin"]

1. e4 e6 2. d4 d5 3. Nc3 Nf6 4. Bg5 dxe4 5. Nxe4 Be7 6. Bxf6 gxf6 7. Nf3 b6 8.
Bb5+ c6 9. Bd3 Bb7 10. Qe2 Qc7 11. O-O-O Nd7 12. Rhe1 O-O-O 13. g3 Kb8 14. c3
c5 15. dxc5 Nxc5 16. Bc2 Ba6 17. Qe3 Nxe4 18. Qxe4 Bb7 19. Qe2 h6 20. Be4 Bc8
21. Nd4 Bb7 22. Qf3 Bxe4 23. Qxe4 Rd5 24. Nc2 f5 25. Qe2 Rhd8 26. Ne3 Rc5 27.
Rxd8+ Bxd8 28. Qd3 Bf6 29. Kb1 Qc6 30. Nc2 Rd5 31. Qf3 Qb7 32. Nb4 Rd6 33. Qf4
Qd7 34. Rd1 e5 35. Rxd6 Qxd6 36. Qf3 a5 37. Nc2 e4 38. Qe2 Kb7 39. Ne3 Qc5 40.
Qd2 Qc8 41. Qd5+ Ka6 42. Qxf5 Qc6 43. Qd5 Qxd5 44. Nxd5 Be5 45. Kc2 Kb5 46. b3
Kc5 47. Ne3 h5 48. h4 b5 49. c4 bxc4 50. Nxc4 Bd4 51. Ne3 Kb4 52. Kd2 Bc3+ 53.
Kc1 Ka3 54. Kb1 Kb4 55. Nd5+ 1-0

[Event "Int. Stuttgarter Stadtmeisterschaft A"]
[Site "Ditzingen"]
[Date "2018.05.12"]
[Round "5.20"]
[White "Reck, Moritz"]
[Black "Gheng, Simona"]
[Result "0-1"]
[WhiteElo "2134"]
[BlackElo "1974"]
[PlyCount "124"]
[EventDate "2018.??.??"]
[WhiteTeam "TSV Schönaich"]
[BlackTeam "SF Deizisau"]

1. e4 c5 2. Nf3 d6 3. d4 cxd4 4. Nxd4 a6 5. Nc3 Nf6 6. Bg5 e6 7. Qd2 Be7 8.
O-O-O h6 9. Bh4 O-O 10. g4 Nxg4 11. Bxe7 Qxe7 12. Rg1 h5 13. h3 Ne5 14. Qh6 Ng6
15. Qxh5 Nd7 16. Bc4 Nf6 17. Qg5 b5 18. Nf5 exf5 19. Qxg6 Ne8 20. Bd5 Be6 21.
Qg2 Rc8 22. exf5 Bxf5 23. Rde1 Qf6 24. Bc6 Qh6+ 25. Re3 Nf6 26. a3 Rc7 27. Rd1
Bxh3 28. Qxh3 Qxh3 29. Rxh3 Rxc6 30. Ne2 g6 31. Nd4 Rc5 32. Rhd3 Rfc8 33. c3
Ne4 34. Rf3 Rh5 35. Re1 d5 36. Rd1 Kg7 37. Nc2 a5 38. Nd4 b4 39. axb4 axb4 40.
Ne2 Re5 41. Re3 Ree8 42. f3 Nxc3 43. Rxc3 bxc3 44. Nxc3 Re3 45. Kc2 Rxf3 46.
Rxd5 f5 47. Kd2 Rf2+ 48. Kc1 g5 49. Kb1 Rxc3 50. bxc3 g4 51. Rd7+ Kf6 52. Rd6+
Ke5 53. Rg6 Kd5 54. Kc1 Ke4 55. c4 Kd3 56. Rd6+ Kxc4 57. Kd1 f4 58. Ke1 g3 59.
Rd8 f3 60. Rg8 Re2+ 61. Kf1 g2+ 62. Kg1 Re1+ 0-1

[Event "Int. Stuttgarter Stadtmeisterschaft A"]
[Site "Ditzingen"]
[Date "2018.05.12"]
[Round "5.21"]
[White "Schiegg, Peter"]
[Black "Schwab, Matthias"]
[Result "0-1"]
[WhiteElo "1975"]
[BlackElo "2117"]
[PlyCount "64"]
[EventDate "2018.??.??"]
[WhiteTeam "SF Bad Grönenbach"]
[BlackTeam "SC Böblingen"]

1. d4 Nf6 2. Nf3 d5 3. e3 e6 4. Bd3 c5 5. b3 cxd4 6. exd4 Be7 7. O-O O-O 8. Bb2
b6 9. Ne5 Qc7 10. c3 Ba6 11. Qe2 Bxd3 12. Qxd3 Nbd7 13. f4 Ne4 14. Nd2 f5 15.
Rac1 Nxe5 16. fxe5 Bg5 17. Rc2 Bxd2 18. Rxd2 Nxd2 19. Qxd2 Rf7 20. Ba3 Qb7 21.
Bd6 Rc8 22. Qd3 Rc6 23. Rc1 Rd7 24. Qb5 Rd8 25. c4 Qd7 26. Qa6 Rdc8 27. a4 Qd8
28. Rc3 Qh4 29. Rg3 f4 30. Rf3 Qe1+ 31. Rf1 Qe3+ 32. Kh1 dxc4 0-1

[Event "Int. Stuttgarter Stadtmeisterschaft A"]
[Site "Ditzingen"]
[Date "2018.05.12"]
[Round "5.22"]
[White "Hesse, Henrik"]
[Black "Lehmann, Stefan"]
[Result "0-1"]
[WhiteElo "2109"]
[BlackElo "1922"]
[PlyCount "80"]
[EventDate "2018.??.??"]
[WhiteTeam "SV Mattnetz Berlin"]
[BlackTeam "Ssg Fils-Lauter"]

1. c4 e5 2. g3 Nc6 3. Bg2 f5 4. Nc3 Nf6 5. d3 Bb4 6. Bd2 O-O 7. Nf3 d6 8. O-O
Qe8 9. Nb5 Bxd2 10. Qxd2 Qe7 11. Qg5 Nd8 12. Nh4 c6 13. Nc3 Qd7 14. Bh3 Ng4 15.
f3 Ne6 16. Qd2 Nh6 17. e4 f4 18. gxf4 Rxf4 19. Ng2 Rf6 20. d4 Qf7 21. d5 Nd4
22. Bxc8 Rxc8 23. f4 Qh5 24. Qd1 Ng4 25. h4 Rcf8 26. b4 g5 27. f5 Rh6 28. Qd3
gxh4 29. Kh1 Kh8 30. Ne2 h3 31. Ne1 Nxe2 32. Qxe2 Rg8 33. Nd3 h2 34. Qf3 Qg5
35. Rae1 Ne3 36. Nc1 Nxf1 37. Qxf1 Rh4 38. Ne2 Qe3 39. Ng3 Qxg3 40. f6 Rf4 0-1

[Event "Int. Stuttgarter Stadtmeisterschaft A"]
[Site "Ditzingen"]
[Date "2018.05.12"]
[Round "5.23"]
[White "Shourya Jain"]
[Black "Günther, Patrick"]
[Result "0-1"]
[WhiteElo "1931"]
[BlackElo "2072"]
[PlyCount "110"]
[EventDate "2018.??.??"]
[BlackTeam "Elmshorner SC"]

1. e4 e5 2. Nf3 Nc6 3. Bb5 a6 4. Ba4 Nf6 5. d3 b5 6. Bb3 Bc5 7. O-O d6 8. c3
O-O 9. Re1 Bb6 10. Nbd2 Ne7 11. h3 Ng6 12. Nf1 Be6 13. Ng3 h6 14. d4 Bxb3 15.
Qxb3 Re8 16. Qc2 c5 17. dxe5 Nxe5 18. Nxe5 dxe5 19. Nf5 Ra7 20. Qe2 c4 21. Qf3
Kh7 22. Rd1 Rd7 23. Rxd7 Nxd7 24. Nd6 Re7 25. Nxf7 Qc7 26. Qf5+ Kg8 27. Nxh6+
gxh6 28. Bxh6 Qd6 29. Qg4+ Kh7 30. Bg5 Rf7 31. Rd1 Qc6 32. Kh1 Nc5 33. Rd5 Nd3
34. Qh4+ Kg7 35. f3 Qg6 36. f4 Bf2 37. Qg4 Be3 38. Qh4 Bxf4 39. Rd8 Rf8 40.
Rd7+ Kg8 41. Bxf4 Nxf4 42. Qf2 Nxh3 43. Qd2 Nf2+ 44. Kg1 Nd3 45. Qe3 Qg4 46.
Ra7 Rf1+ 47. Kh2 Qh4+ 48. Qh3 Rh1+ 49. Kxh1 Nf2+ 50. Kh2 Nxh3 51. Ra8+ Kg7 52.
Ra7+ Kf6 53. Rxa6+ Kg5 54. gxh3 Kf4 55. Ra5 Qg3+ 0-1

[Event "Int. Stuttgarter Stadtmeisterschaft A"]
[Site "Ditzingen"]
[Date "2018.05.12"]
[Round "5.24"]
[White "Afonso, Nils"]
[Black "Schulte, Torsten"]
[Result "1/2-1/2"]
[WhiteElo "1911"]
[BlackElo "2094"]
[PlyCount "59"]
[EventDate "2018.??.??"]
[WhiteTeam "SF Kornwestheim"]
[BlackTeam "SC BÃ¶blingen"]

1. d4 Nf6 2. c4 e6 3. Nc3 Bb4 4. Qc2 b6 5. e4 O-O 6. a3 Bxc3+ 7. bxc3 c5 8. Bd3
Ne8 9. f4 Nc6 10. Nf3 Ba6 11. O-O Na5 12. Nd2 Rc8 13. e5 f5 14. a4 d6 15. Rd1
cxd4 16. cxd4 dxe5 17. dxe5 Qd4+ 18. Kh1 Qxf4 19. Nf3 Qg4 20. Ba3 Rf7 21. c5
Bb7 22. Be2 Bd5 23. Rd4 f4 24. Qc3 Nc6 25. cxb6 axb6 26. Rdd1 Rf5 27. Rxd5 exd5
28. Ba6 Rc7 29. Bd6 Rff7 30. Bxc7 1/2-1/2

[Event "Int. Stuttgarter Stadtmeisterschaft A"]
[Site "Ditzingen"]
[Date "2018.05.12"]
[Round "5.25"]
[White "Wezel, Sebastian"]
[Black "Narr, Kevin"]
[Result "0-1"]
[WhiteElo "1867"]
[BlackElo "2089"]
[PlyCount "76"]
[EventDate "2018.??.??"]
[WhiteTeam "SV Dettingen Erms"]

1. e4 e6 2. d4 d5 3. Nc3 Nf6 4. e5 Nfd7 5. f4 c5 6. Nf3 Nc6 7. Be3 Be7 8. Qd2
O-O 9. dxc5 Nxc5 10. O-O-O b6 11. Bb5 Bb7 12. h4 Qc7 13. Kb1 Rfd8 14. Qe2 a5
15. Ng5 h6 16. Nf3 Ne4 17. Nxe4 dxe4 18. Bxc6 Rxd1+ 19. Qxd1 Bxc6 20. Nd4 Bd5
21. g4 Qc4 22. b3 Qc3 23. Bc1 a4 24. Bb2 Qa5 25. c4 axb3 26. Qxb3 Bb7 27. f5 e3
28. Bc3 Qxe5 29. Nc2 Qe4 30. Re1 e2 31. fxe6 Ra3 32. Qb2 Qd3 33. exf7+ Kxf7 34.
Bb4 Bxb4 35. Qxb4 Be4 36. Kb2 Ra7 37. Qb3 Qd2 38. Qc3 Rxa2+ 0-1

[Event "Int. Stuttgarter Stadtmeisterschaft A"]
[Site "Ditzingen"]
[Date "2018.05.12"]
[Round "5.26"]
[White "Faulhaber, Rolf"]
[Black "Huels, Maximilian"]
[Result "1/2-1/2"]
[WhiteElo "2065"]
[BlackElo "1824"]
[PlyCount "123"]
[EventDate "2018.??.??"]
[WhiteTeam "SK Tauberbischofsheim"]
[BlackTeam "SV Mattnetz Berlin"]

1. Nf3 d5 2. c4 e6 3. g3 Nf6 4. Bg2 Be7 5. O-O O-O 6. d4 dxc4 7. a4 c6 8. Qc2
Nbd7 9. Qxc4 Nb6 10. Qc2 Nbd5 11. Nc3 a5 12. Bg5 Nb4 13. Qb3 b6 14. Rfd1 Nfd5
15. h4 Bxg5 16. Nxg5 Qe7 17. e4 Nf6 18. e5 Nfd5 19. Nce4 h6 20. Nh3 Rd8 21. Rd2
Ba6 22. Kh2 Rac8 23. f4 Rc7 24. Nhf2 Rcd7 25. Rad1 Rc7 26. Bh3 Bc8 27. Qf3 Qf8
28. h5 Qe7 29. Rg1 Kh8 30. Ng4 Qf8 31. Kh1 Qe7 32. Nh2 Bb7 33. Bg2 Bc8 34. Qf2
Kg8 35. Nf3 Qe8 36. Nh4 Kh8 37. Nd6 Rxd6 38. exd6 Rd7 39. Bf3 Rxd6 40. Ng2 Ba6
41. Be2 Bxe2 42. Qxe2 Qd8 43. Rgd1 Qf6 44. Qe4 Rd8 45. Nh4 Ne7 46. Kg2 Rd5 47.
Qe2 Rd8 48. Qe5 Ned5 49. Re1 Qxe5 50. Rxe5 c5 51. Nf3 c4 52. Re1 Nd3 53. Ra1
Nf6 54. b3 Ne4 55. Re2 Nc3 56. Rc2 Nd5 57. Rd2 N3b4 58. bxc4 Ne3+ 59. Kf2 Nxc4
60. Rdd1 Nb2 61. Rd2 Nc4 62. Rdd1 1/2-1/2

[Event "Int. Stuttgarter Stadtmeisterschaft A"]
[Site "Ditzingen"]
[Date "2018.05.12"]
[Round "5.27"]
[White "Seitz, Patrick"]
[Black "Zitzelsberger, Philipp"]
[Result "1/2-1/2"]
[WhiteElo "2038"]
[BlackElo "1912"]
[PlyCount "72"]
[EventDate "2018.??.??"]
[WhiteTeam "SR Heuberg-Gosheim"]
[BlackTeam "SC Weiße Dame Ulm e.V."]

1. e4 c5 2. Nf3 d6 3. d4 cxd4 4. Nxd4 Nf6 5. Nc3 a6 6. Bc4 e6 7. a4 b6 8. O-O
Be7 9. Bb3 O-O 10. f4 Qc7 11. f5 e5 12. Nde2 Qc5+ 13. Kh1 Bb7 14. Ng3 Rd8 15.
Bg5 Nbd7 16. Nh5 Re8 17. Bxf6 Nxf6 18. Nxf6+ Bxf6 19. Bd5 Ra7 20. Ra3 Bc8 21.
Ne2 Qb4 22. Rff3 b5 23. Rfb3 Qc5 24. Rc3 Qb6 25. a5 Qb8 26. Rh3 Bb7 27. Rag3
Qd8 28. Bxb7 Rxb7 29. Nc3 Bg5 30. Nd5 f6 31. Qh5 h6 32. Qg6 Rf8 33. Rxg5 Qxa5
34. g4 Qe1+ 35. Kg2 Qe2+ 36. Kg1 Qe1+ 1/2-1/2

[Event "Int. Stuttgarter Stadtmeisterschaft A"]
[Site "Ditzingen"]
[Date "2018.05.12"]
[Round "5.28"]
[White "Meißner, Mogens"]
[Black "Reuss, Andreas"]
[Result "0-1"]
[WhiteElo "1797"]
[BlackElo "2346"]
[PlyCount "66"]
[EventDate "2018.??.??"]
[WhiteTeam "SK Bietigheim-Bissingen"]

1. e4 c6 2. d3 d5 3. Nd2 g6 4. Ngf3 Bg7 5. c3 Nf6 6. e5 Nfd7 7. d4 c5 8. Bb5
Qb6 9. Ba4 Nc6 10. Bxc6 bxc6 11. Nb3 cxd4 12. cxd4 a5 13. Qc2 Ba6 14. Be3 O-O
15. Nc5 Nxc5 16. dxc5 Qb4+ 17. Qd2 Rab8 18. Bd4 Bh6 19. Qc3 Qxc3+ 20. Bxc3 Rb5
21. Bd4 Rb4 22. g4 Bd3 23. g5 Be4 24. Ke2 Bxg5 25. Bc3 Bxf3+ 26. Kxf3 Rb5 27.
Bd4 f6 28. h4 fxe5+ 29. Ke2 exd4 30. hxg5 Rxb2+ 31. Kd3 Rf3+ 32. Kxd4 Rb4+ 33.
Ke5 Re4# 0-1

[Event "Int. Stuttgarter Stadtmeisterschaft A"]
[Site "Ditzingen"]
[Date "2018.05.12"]
[Round "5.29"]
[White "Viehoff, Jürgen"]
[Black "Zeiler, Klaus"]
[Result "1-0"]
[WhiteElo "1897"]
[BlackElo "2063"]
[PlyCount "100"]
[EventDate "2018.??.??"]
[WhiteTeam "SC Stetten a.d.F."]
[BlackTeam "SC Pfullendorf"]

1. d4 e6 2. Nf3 b6 3. e4 Bb7 4. Bd3 c5 5. c3 Nf6 6. Qe2 Be7 7. O-O cxd4 8. cxd4
Nc6 9. a3 O-O 10. Nc3 Na5 11. Nd2 Qc8 12. f4 Nc6 13. Nf3 Na5 14. f5 Nb3 15. Rb1
exf5 16. e5 Bxf3 17. Qxf3 Nxd4 18. Qh3 Ng4 19. Bxf5 Nxf5 20. Qxg4 Bc5+ 21. Kh1
Ne3 22. Bxe3 Bxe3 23. Nd5 Bc5 24. b4 Qc6 25. Rbd1 Qe6 26. Nf6+ Kh8 27. Qxe6
fxe6 28. bxc5 gxf6 29. Rxd7 fxe5 30. Rxf8+ Rxf8 31. Kg1 bxc5 32. Rc7 h5 33.
Rxc5 Rf5 34. Rc8+ Kg7 35. Rc7+ Kf6 36. Rxa7 e4 37. Rb7 Ra5 38. Rb4 Kf5 39. a4
e5 40. Kf2 Rc5 41. Rb2 h4 42. Ra2 Kf4 43. a5 e3+ 44. Ke2 Rc8 45. g3+ hxg3 46.
hxg3+ Kf5 47. a6 Rh8 48. Kxe3 Ke6 49. a7 Ra8 50. Ke4 Kd6 1-0

[Event "Int. Stuttgarter Stadtmeisterschaft A"]
[Site "Ditzingen"]
[Date "2018.05.12"]
[Round "5.30"]
[White "Schuster, Gerhard"]
[Black "Jaster, Dirk"]
[Result "1-0"]
[WhiteElo "1982"]
[BlackElo "1849"]
[PlyCount "33"]
[EventDate "2018.??.??"]
[WhiteTeam "SC Feuerbach"]
[BlackTeam "SC Feuerbach"]

1. e4 d5 2. exd5 Qxd5 3. Nc3 Qd6 4. d4 Nf6 5. Nf3 g6 6. g3 Bg7 7. Bg2 c6 8. O-O
O-O 9. Bf4 Qd8 10. Qd2 Re8 11. Rad1 Be6 12. Rfe1 Nd5 13. Rxe6 Nxf4 14. Qxf4
fxe6 15. Ng5 Na6 16. Qf7+ Kh8 17. Nxe6 1-0

[Event "Int. Stuttgarter Stadtmeisterschaft A"]
[Site "Ditzingen"]
[Date "2018.05.12"]
[Round "5.31"]
[White "Lohvinov, Petro"]
[Black "Giebler, Kai"]
[Result "1-0"]
[WhiteElo "1879"]
[BlackElo "1788"]
[PlyCount "53"]
[EventDate "2018.??.??"]
[WhiteTeam "SK München Südost"]
[BlackTeam "TSF Ditzingen"]

1. e4 e5 2. Nf3 Nc6 3. d4 exd4 4. Nxd4 Bc5 5. Nb3 Bb6 6. Nc3 d6 7. Qe2 Be6 8.
Be3 Nf6 9. f3 Qe7 10. O-O-O O-O-O 11. Bxb6 axb6 12. Qb5 Kb8 13. Qa4 Na7 14. Nd4
Bd7 15. Ncb5 Nxb5 16. Bxb5 c6 17. Bd3 Kc7 18. Qb3 Ra8 19. Kb1 Be6 20. Bc4 Nd7
21. Bxe6 Nc5 22. Nf5 Qg5 23. Qc3 fxe6 24. Nxd6 Rhf8 25. h4 Qg3 26. Rh3 Qxg2 27.
Qe5 1-0

[Event "Int. Stuttgarter Stadtmeisterschaft A"]
[Site "Ditzingen"]
[Date "2018.05.12"]
[Round "5.32"]
[White "Froehlich, Franziska"]
[Black "Verbitsky, Jaroslaw"]
[Result "0-1"]
[WhiteElo "1807"]
[BlackElo "1765"]
[PlyCount "80"]
[EventDate "2018.??.??"]
[WhiteTeam "SC Weiße Dame Ulm"]
[BlackTeam "SV Mattnetz Berlin"]

1. e4 c6 2. d4 d5 3. e5 Bf5 4. Nf3 e6 5. Be2 c5 6. Be3 Qb6 7. Nc3 Qxb2 8. Qb1
Qb4 9. dxc5 Bxc5 10. O-O a6 11. Bxc5 Qxc5 12. Qxb7 Qc6 13. Qb4 Qc7 14. Nd4 Nc6
15. Qa4 Nge7 16. Nxf5 Nxf5 17. Bd3 Nfd4 18. f4 O-O 19. Nd1 Qa5 20. Qxa5 Nxa5
21. Ne3 Rfc8 22. Rfd1 Nb5 23. Rdc1 Rc5 24. a4 Nd4 25. Kf2 g6 26. Rab1 Rc6 27.
Rb4 Ndb3 28. Rb1 Nc5 29. Bf1 Ne4+ 30. Ke1 Rac8 31. Rb6 Rc3 32. Nd1 Rxc2 33.
Rxa6 Nc4 34. Bxc4 R8xc4 35. Ne3 Rc1+ 36. Rxc1 Rxc1+ 37. Ke2 d4 38. Ra8+ Kg7 39.
Ng4 h5 40. Kd3 Nc5+ 0-1

[Event "Int. Stuttgarter Stadtmeisterschaft A"]
[Site "Ditzingen"]
[Date "2018.05.12"]
[Round "5.33"]
[White "Bueble, Joschua"]
[Black "Dreyer, Andre"]
[Result "1/2-1/2"]
[WhiteElo "1736"]
[BlackElo "1905"]
[PlyCount "28"]
[EventDate "2018.??.??"]
[WhiteTeam "SV Stockenhausen-Frommern"]
[BlackTeam "SV Stockenhausen-Frommern"]

1. d4 d5 2. c4 e6 3. Nc3 c6 4. cxd5 exd5 5. Bf4 Nf6 6. e3 Bd6 7. Bxd6 Qxd6 8.
Bd3 O-O 9. Nge2 Re8 10. O-O Bg4 11. Qc2 Bxe2 12. Nxe2 Nbd7 13. h3 Nf8 14. Rab1
a5 1/2-1/2

[Event "Int. Stuttgarter Stadtmeisterschaft A"]
[Site "Ditzingen"]
[Date "2018.05.12"]
[Round "5.34"]
[White "Kobald, Jacqueline"]
[Black "Schmitz, Nico"]
[Result "0-1"]
[WhiteElo "1692"]
[BlackElo "1969"]
[PlyCount "70"]
[EventDate "2018.??.??"]
[WhiteTeam "SV Stuttgart-Wolfbusch"]
[BlackTeam "SF Konz-Karthaus"]

1. e4 d5 2. exd5 Nf6 3. d4 Qxd5 4. Nc3 Qa5 5. Bd2 c6 6. Bc4 Bg4 7. f3 Bf5 8. g4
Bg6 9. f4 h5 10. f5 Bh7 11. g5 Qxf5 12. gxf6 Qxf6 13. Be3 b5 14. Bd3 b4 15.
Nce2 Qe6 16. Bxh7 Qxe3 17. Qd3 Qxd3 18. Bxd3 Nd7 19. Ba6 Rb8 20. Nf3 g6 21.
O-O-O Bg7 22. Rhe1 O-O 23. d5 Nc5 24. Bc4 Na4 25. Ned4 c5 26. Bb5 Nxb2 27. Kxb2
Rxb5 28. Kb1 cxd4 29. Rxe7 Rxd5 30. Rxa7 Rf5 31. Rd3 Re8 32. Kc1 Re3 33. Nd2
Rxd3 34. cxd3 Bh6 35. Kd1 Bxd2 0-1

[Event "Int. Stuttgarter Stadtmeisterschaft A"]
[Site "Ditzingen"]
[Date "2018.05.12"]
[Round "5.35"]
[White "Kistler, Michael"]
[Black "Partik, Markus"]
[Result "1-0"]
[WhiteElo "1848"]
[BlackElo "1958"]
[PlyCount "76"]
[EventDate "2018.??.??"]
[WhiteTeam "VfL Sindelfingen"]
[BlackTeam "TSV Münchingen"]

1. d4 Nf6 2. c4 c5 3. d5 e6 4. Nc3 exd5 5. cxd5 d6 6. g3 g6 7. Bg2 Bg7 8. Nf3
O-O 9. O-O Re8 10. Nd2 a6 11. a4 Nbd7 12. Nc4 Ne5 13. Nxe5 Rxe5 14. Bf4 Re8 15.
e4 Rb8 16. Re1 Nh5 17. Be3 b5 18. Qd2 b4 19. Ne2 Nf6 20. f3 a5 21. Rac1 Ba6 22.
Nf4 Nd7 23. Bf1 Ne5 24. Kg2 Qc8 25. Red1 g5 26. Nh5 g4 27. Bxa6 gxf3+ 28. Kg1
f2+ 29. Kg2 Qxa6 30. Nxg7 Kxg7 31. Bh6+ Kh8 32. Qg5 f1=Q+ 33. Rxf1 Qe2+ 34. Kg1
Qg4 35. Qf6+ Kg8 36. Rf5 Nf3+ 37. Rxf3 Qxe4 (37... Rxe4 38. Qxf7+ Kh8 39. Qf6+
Kg8 40. Qf8+) 38. Qxf7+ Kh8 1-0

[Event "Int. Stuttgarter Stadtmeisterschaft A"]
[Site "Ditzingen"]
[Date "2018.05.12"]
[Round "5.36"]
[White "Gheng, Dominik"]
[Black "Schmidt, Markus"]
[Result "1-0"]
[WhiteElo "1939"]
[BlackElo "1825"]
[PlyCount "100"]
[EventDate "2018.??.??"]
[WhiteTeam "Schach-Kids Bernhausen"]
[BlackTeam "Stuttgarter SF"]

1. e4 d6 2. d4 Nf6 3. Nc3 g6 4. f3 Bg7 5. Be3 O-O 6. Qd2 c6 7. g4 b5 8. O-O-O
Qa5 9. Kb1 Nbd7 10. Nd5 Qd8 11. Nxf6+ Nxf6 12. h4 h5 13. Bg5 hxg4 14. Bxf6 exf6
15. h5 f5 16. fxg4 fxg4 17. hxg6 fxg6 18. Qh2 Qf6 19. Bd3 Qxd4 20. c3 Qe3 21.
Ne2 Rf6 22. Qh7+ Kf7 23. Rdf1 Rxf1+ 24. Rxf1+ Bf5 25. Kc2 Rh8 26. Rxf5+ gxf5
27. Qxf5+ Ke7 28. Nf4 Rh2+ 29. Kb3 Rxb2+ 30. Kxb2 Qd2+ 31. Kb1 Qe1+ 32. Kc2
Qxc3+ 33. Kd1 Qa1+ 34. Ke2 Qb2+ 35. Kf1 Qf6 36. Kg2 Qxf5 37. exf5 Be5 38. Kg3
b4 39. Kxg4 a5 40. Ng6+ Kf6 41. Nxe5 dxe5 42. Kf3 a4 43. Ke4 b3 44. Bc4 b2 45.
Bd3 a3 46. Bb1 c5 47. Bc2 c4 48. Bb1 c3 49. Bc2 Kf7 50. Kxe5 Ke7 1-0

[Event "Int. Stuttgarter Stadtmeisterschaft A"]
[Site "Ditzingen"]
[Date "2018.05.12"]
[Round "5.37"]
[White "Handel, Oliver"]
[Black "Cummings, Orlyn"]
[Result "0-1"]
[WhiteElo "1836"]
[BlackElo "1883"]
[PlyCount "124"]
[EventDate "2018.??.??"]
[WhiteTeam "SF Kornwestheim"]
[BlackTeam "SK Schmiden/Cannstatt"]

1. e4 c5 2. Nf3 d6 3. d4 cxd4 4. Nxd4 Nf6 5. Nc3 a6 6. Bg5 e6 7. f4 Qb6 8. Qd2
Qxb2 9. Rb1 Qa3 10. f5 Nc6 11. Nxc6 bxc6 12. Rb3 Qa5 13. Be3 c5 14. Bc4 Be7 15.
O-O Qc7 16. Bg5 O-O 17. Qf4 Rb8 18. Qg3 Rxb3 19. axb3 Kh8 20. Qh4 Qd8 21. Rf3
Ng8 22. Bxe7 Nxe7 23. Rh3 h6 24. f6 Ng8 25. fxg7+ Kxg7 26. Rg3+ Kh8 27. Qg4 Qf6
28. Rf3 Qg5 29. Qxg5 hxg5 30. Rd3 Rd8 31. Na4 Ne7 32. Nxc5 Nc6 33. Na4 Ne5 34.
Rd4 Nc6 35. Rd3 Kg7 36. Kf2 Ne5 37. Rd4 Kf6 38. h3 Nc6 39. Rd2 Ke5 40. Nc3 Bb7
41. Be2 Nb4 42. Bd3 Rc8 43. Nd1 Bxe4 44. Bxe4 Kxe4 45. c3 Nd3+ 46. Ke2 Nf4+ 47.
Kf2 d5 48. Rd4+ Ke5 49. Ra4 Rc6 50. g3 Nd3+ 51. Ke3 Nc5 52. Rb4 Ne4 53. c4 Nxg3
54. cxd5 exd5 55. Rg4 Nf5+ 56. Kd3 f6 57. Rb4 Nd6 58. Ne3 Nb5 59. Ng4+ Ke6 60.
Kd2 f5 61. Ne3 Ke5 62. Ra4 Rh6 0-1

[Event "Int. Stuttgarter Stadtmeisterschaft A"]
[Site "Ditzingen"]
[Date "2018.05.12"]
[Round "5.38"]
[White "Speicher, Franz"]
[Black "Ruff, Robert"]
[Result "1-0"]
[WhiteElo "1876"]
[BlackElo "1806"]
[PlyCount "71"]
[EventDate "2018.??.??"]
[WhiteTeam "SV Dicker Turm Esslingen"]
[BlackTeam "SK Sachsenheim"]

1. d4 d5 2. c4 e6 3. Nf3 Nf6 4. g3 Be7 5. Bg2 O-O 6. O-O Nbd7 7. Qc2 c6 8. Nbd2
b6 9. e4 dxe4 10. Nxe4 Nxe4 11. Qxe4 Bb7 12. Rd1 Nf6 13. Qc2 Rc8 14. Ne5 Nd7
15. Nd3 Re8 16. Be3 b5 17. Nc5 Nxc5 18. dxc5 Qc7 19. cxb5 cxb5 20. c6 Qa5 21.
Rd7 Qa6 22. Rxb7 Qxb7 23. Qxh7+ Kxh7 24. cxb7 Rcd8 25. Bxa7 Bd6 26. Rd1 Bb8 27.
Rxd8 Rxd8 28. Bxb8 Rxb8 29. a3 Kg8 30. b3 Kf8 31. a4 bxa4 32. bxa4 Ke7 33. a5
Rd8 34. a6 Rd1+ 35. Bf1 Rb1 36. a7 1-0

[Event "Int. Stuttgarter Stadtmeisterschaft A"]
[Site "Ditzingen"]
[Date "2018.05.12"]
[Round "5.39"]
[White "Altimira, Jordi"]
[Black "Narr, Matthias"]
[Result "0-1"]
[WhiteElo "1820"]
[BlackElo "1868"]
[PlyCount "83"]
[EventDate "2018.??.??"]
[WhiteTeam "SV Rottweil"]
[BlackTeam "SR Heuberg-Gosheim"]

1. e4 d5 2. exd5 Qxd5 3. Nc3 Qd6 4. d4 Nf6 5. Nf3 c6 6. h3 Bf5 7. Bc4 e6 8. O-O
Nbd7 9. Re1 Be7 10. Be3 Nd5 11. Nxd5 cxd5 12. Bb5 O-O 13. c3 Nb6 14. Ne5 a6 15.
Bd3 Bxd3 16. Qxd3 Bf6 17. Bf4 Bxe5 18. Rxe5 f6 19. Rf5 Qd7 20. Rh5 g6 21. Qg3
Rf7 22. Bh6 Nc4 23. Bf4 Nxb2 24. Rh6 b5 25. Re1 Re8 26. h4 Rg7 27. Qh3 Nc4 28.
Qg3 Qe7 29. Kh2 e5 30. dxe5 fxe5 31. Bg5 Qd6 32. f4 e4 33. h5 Re6 34. Qh3 Rf7
35. Kh1 Qd7 36. g4 Rc6 37. Re2 Rg7 38. Qh4 gxh5 39. Rxh5 a5 40. f5 Ne5 41. Bf6
Nf3 42. Qh3 0-1

[Event "Int. Stuttgarter Stadtmeisterschaft A"]
[Site "Ditzingen"]
[Date "2018.05.12"]
[Round "5.40"]
[White "Hoeschele, Hans-Ulrich"]
[Black "Peters, Theresa"]
[Result "0-1"]
[WhiteElo "1994"]
[BlackElo "1815"]
[PlyCount "80"]
[EventDate "2018.??.??"]
[WhiteTeam "Stuttgarter SF"]
[BlackTeam "SG KK Hohentübingen"]

1. c4 g6 2. g3 Bg7 3. Bg2 Nc6 4. d3 d6 5. Nc3 f5 6. e3 Nf6 7. Nge2 e5 8. O-O
O-O 9. Rb1 Kh8 10. b4 g5 11. b5 Ne7 12. f4 exf4 13. exf4 g4 14. Qb3 h5 15. Be3
h4 16. gxh4 Ng6 17. Bf2 Nh5 18. c5 Nhxf4 19. Bd4 Bxd4+ 20. Nxd4 Nxg2 21. Kxg2
Nxh4+ 22. Kh1 Qf6 23. Qd5 dxc5 24. Qxc5 b6 25. Qd5 Rb8 26. Ne4 Qg7 27. Nc6 Bb7
28. Ng3 Rbd8 29. Qc4 Bxc6+ 30. Qxc6 Rxd3 31. Nh5 Qg6 32. Nf4 Qxc6+ 33. bxc6 Rd2
34. Rb3 Re8 35. Rg3 Rxa2 36. h3 Nf3 37. Ng2 Re7 38. h4 Ree2 39. h5 Kh7 40. h6
Kxh6 0-1

[Event "Int. Stuttgarter Stadtmeisterschaft A"]
[Site "Ditzingen"]
[Date "2018.05.12"]
[Round "5.41"]
[White "Issaad, Pascal"]
[Black "Koch, Martin"]
[Result "0-1"]
[WhiteElo "1893"]
[BlackElo "2056"]
[PlyCount "74"]
[EventDate "2018.??.??"]
[WhiteTeam "SV Stuttgart-Wolfbusch"]
[BlackTeam "SC Botnang"]

1. d3 d5 2. f4 Nf6 3. Nf3 c5 4. g3 Nc6 5. Bg2 g6 6. O-O Bg7 7. Qe1 Nd4 8. Na3
Nxf3+ 9. Bxf3 Bh3 10. Bg2 Bxg2 11. Kxg2 O-O 12. e4 dxe4 13. dxe4 Qd7 14. Qe2
Qc6 15. Re1 e5 16. Qf3 exf4 17. Bxf4 Nh5 18. e5 Qe6 19. c4 Rfd8 20. Rad1 Nxf4+
21. gxf4 f6 22. Qh3 Qc6+ 23. Qf3 Qe6 24. Qh3 Qxh3+ 25. Kxh3 fxe5 26. Rxd8+ Rxd8
27. fxe5 a6 28. Nb1 Kf7 29. Nc3 Rd3+ 30. Kg4 Rd4+ 31. Kf3 Ke6 32. Nd5 Bxe5 33.
Nc7+ Kf5 34. Nd5 Rh4 35. Ne3+ Kg5 36. Ng2 Rh3+ 37. Kf2 Bxb2 0-1